000
00306nam a2200133Ia 4500
008
240624s9999 xx 000 0 und d
041
_a
eng
082
_a
658.8 SIL
100
_a
HARVARD BUSINESS REVIEW
245
_a
WHAT IS MARKETING
260
_c
2006
_a
Press,2006
300
_a
224 p.
365
_c
_b
25
999
_c
30944
_d
30944